problems & solutions of engineering electromagnetics / (رقم التسجيلة. 30213)

تفاصيل مارك
000 -الفاتح
حقل البيانات ثابتة الطول 00595nam a22002057a 4500
003 - محدد رقم الضبط
رقم الضبط OSt
005 - وقت وتاريخ اخر تعامل مع التسجيلة
رقم الضبط 20150408114135.0
008 - عناصر البيانات ثابتة الطول - معلومات عامة
حقل البيانات ثابتة الطول 010813c2012 ii a f 00| 0 eng d
020 ## - الرقم الدولى المعيارى للكتب
الرقم الدولى المعيارى للكتاب 9788123905594
020 ## - الرقم الدولى المعيارى للكتب
الرقم الدولى المعيارى للكتاب 8123905599
040 ## - مصدر الفهرسة
وكالة الفهرسة الأصلية Ma-Un
082 00 - رقم تصنيف ديوى العشرى
رقم الطبعة 22
رقم التصنيف 530.141
رقم المادة ENE
245 00 - بيان العنوان
العنوان problems & solutions of engineering electromagnetics /
بيان المسئوليه,etc by experienced teachers.
250 ## - بيان الطبعة
بيان الطبعة 1st. ed.
260 ## - PUBLICATION, DISTRIBUTION, ETC. (IMPRINT)
مكان الناشر او الموزع New Delhi :
اسم الناشر او الموزع CBS,
تاريخ النشر أو التوزيع 2012.
300 ## - الوصف المادى
التعداد 643 p. :
تفاصيل ماديه اخرى للوعاء col. ill. ;
أبعاد الوعاء 24 cm.
490 #2 - بيان السلسلة
عنوان السلسلة CBS problems & solutions series
650 #0 - المدخل الاضافى بالموضوع-مصطلح موضوعى
مصطلح موضوعي أو اسم جغرافي كعنصر مدخل Electromagnetic theory
9 (RLIN) 34371
942 ## -
-- ddc
-- BOOK
999 ## -
-- 30213
-- 264713
المقتنيات
حالة الفقد حالة تلف ليس للاعارة رقم الطلب رقم النسخة تاريخ الاكتساب Serial Enumeration / chronology الباركود الفرع الرئيسي Date last seen نوع المادة فى نظام كوها مصدر التصنيف او خطة الترفيف Total Checkouts نموذج السعر الفعال
    Not For Loan 530.141 ENE 1 2013-08-04 CL 00205787 المكتبة المركزية بالمجمعة (CL) 2013-08-01 كتاب Dewey Decimal Classification    
      530.141 ENE 2 2013-08-04 CL 00205785 المكتبة المركزية بالمجمعة (CL) 2013-08-04 كتاب Dewey Decimal Classification   2013-08-04
      530.141 ENE 3 2013-08-04 CL 00205786 المكتبة المركزية بالمجمعة (CL) 2013-08-04 كتاب Dewey Decimal Classification   2013-08-04
      530.141 ENE 4 2013-10-20 CL 00206727 المكتبة المركزية بالمجمعة (CL) 2013-10-20 كتاب Dewey Decimal Classification   2013-10-20
      530.141 ENE 5 2013-10-20 CL 00206726 المكتبة المركزية بالمجمعة (CL) 2013-10-20 كتاب Dewey Decimal Classification   2013-10-20
      530.141 ENE 6 2013-10-20 CL 00206725 المكتبة المركزية بالمجمعة (CL) 2013-10-20 كتاب Dewey Decimal Classification   2013-10-20